Κατάλογος Βιβλιοθηκών Mediterranean College

Η Μορφή στο Σχεδιασμό των Συνδέσεων / Μηχανικές Σταθερέ Συνδέσεις των Αρχιτεκτονικών Κατασκευών (Συμβατικές - Ελαφρές Κατασκευές) του Σχεδιασμού Επίπλου και του Βιομηχανικού Αντικειμένου (Record no. 4264)

MARC details
000 -LEADER
fixed length control field 02565cam a22001934a 4500
005 - ΗΜΕΡΟΜΗΝΙΑ ΚΑΙ ΩΡΑ ΤΕΛΕΥΤΑΙΑΣ ΕΝΗΜΕΡΩΣΗΣ
Πεδίο ελέγχου 20250605163427.0
008 - FIXED-LENGTH DATA ELEMENTS--GENERAL INFORMATION
Πεδίο ελέγχου σταθερού μήκους 250528s ||||||||||||||||||||||||d
035 ## - SYSTEM CONTROL NUMBER
System control number 18969
040 ## - ΠΗΓΗ ΚΑΤΑΛΟΓΟΓΡΑΦΗΣΗΣ
Φορέας πρωτότυπης καταλογογράφησης MC Athens Campus Library
Γλώσσα καταλογογράφησης Ελληνικά, Μοντέρνα (1453-)
Modifying agency MC Athens Campus Library
Κανόνες περιγραφικής καταλογογράφησης AACR2
245 1# - ΤΙΤΛΟΣ ΚΑΙ ΔΗΛΩΣΗ ΥΠΕΥΘΥΝΟΤΗΤΑΣ
Τίτλος Η Μορφή στο Σχεδιασμό των Συνδέσεων / Μηχανικές Σταθερέ Συνδέσεις των Αρχιτεκτονικών Κατασκευών (Συμβατικές - Ελαφρές Κατασκευές) του Σχεδιασμού Επίπλου και του Βιομηχανικού Αντικειμένου
260 ## - PUBLICATION, DISTRIBUTION, ETC.
Name of publisher, distributor, etc. Αθήνα,
Date of publication, distribution, etc. 1990
300 ## - PHYSICAL DESCRIPTION
Extent 148
505 0# - FORMATTED CONTENTS NOTE
Formatted contents note Η Διατριβή Περιληπτικά, Εισαγωγή - Σκοπός της Έρευνας, Συνδέσεις Σφηνοειδούς Συνδετικού Στοιχείου, Συνδέσεις μη Σφηνοειδούς Συνδετικού Στοιχείου, Συνδέσεις Διαμορφωμένου Συνδετικού Στοιχείου, Συνδέσεις Κοχλιωτού Συνδετικού Στοιχεία, Συνδέσεις Μεικτές, Σφηνοειδείς Διαμορφωτικές Διαφοροποιήσεις, Μορφολογικός-Λειτουργικός Κατασκευαστικών Πίνακας των Μηχανικών Σταθερών Συνδέσεων, Συμπεράσματα, Παράρτημα, Ορολογία, Βιβλιογραφία, Πηγές Εικόνων, Η Διατριβή Περιληπτικά (στα Γερμανικά).
520 ## - SUMMARY, ETC.
Summary, etc. Η Διατριβή Περιληπτικά, Εισαγωγή - Σκοπός της Έρευνας, Συνδέσεις Σφηνοειδούς Συνδετικού Στοιχείου, Συνδέσεις μη Σφηνοειδούς Συνδετικού Στοιχείου, Συνδέσεις Διαμορφωμένου Συνδετικού Στοιχείου, Συνδέσεις Κοχλιωτού Συνδετικού Στοιχεία, Συνδέσεις Μεικτές, Σφηνοειδείς Διαμορφωτικές Διαφοροποιήσεις, Μορφολογικός-Λειτουργικός Κατασκευαστικών Πίνακας των Μηχανικών Σταθερών Συνδέσεων, Συμπεράσματα, Παράρτημα, Ορολογία, Βιβλιογραφία, Πηγές Εικόνων, Η Διατριβή Περιληπτικά (στα Γερμανικά).
700 1# - ΠΡΟΣΘΕΤΗ ΑΝΑΓΡΑΦΗ--ΦΥΣΙΚΟ ΠΡΟΣΩΠΟ
Personal name Ηλιόπουλος Βασίλης
942 ## - ADDED ENTRY ELEMENTS (KOHA)
Koha item type Books
Holdings
Τύπος τεκμηρίου Βιβλιοθήκη Τρέχουσα τοποθεσία Barcode Αριθμός εισαγωγής Ημερομηνία απόκτησης Ταξιθετικό σύμβολο Αριθμός αντιτύπου Κατάσταση απόσυρσης Κατάσταση χαμένου Κατάσταση κατεστραμμένου Μη δανεισμός Σύνολο δανεισμών Ημερομηνία τελευταίας εμφάνισης Η τιμή ισχύει από
Books MC Athens Campus Library MC Athens Campus Library 9780000042637 3902 05/06/2025 721 ILI 1           05/06/2025 05/06/2025

MC Athens Campus Library
Πατησίων 94 & Κοδριγκτώνος 13, 104 34
Πελλήνης 8 & Πατησίων 107, 112 51
Τ: +30 210 8899600

MC Thessaloniki Campus Library
Ίωνος Δραγούμη 21, 54625 | Ίωνος Δραγούμη 15, 54625
Τ: +30 2310 287779 – Τ: +30 2314 440300